000 01169cam a2200325 a 4500
001 13652418
003 ARRUPE
005 20161003114634.0
008 040322s2003 gh ab b 000 0deng
010 _a 2003408949
020 _a9988550995 (SubSaharan Publishers)
020 _a0852554435 (James Currey)
020 _a9988550642 (hard cover ed.)
040 _aDLC
_cDLC
_dDLC
042 _alcode
043 _ae-uk---
_af-gh---
050 0 0 _aDT507
_b.B527 2003
082 0 0 _a966.03/1
_222
100 1 _aBoahen, A. Adu.
_926351
245 1 0 _aYaa Asantewaa and the Asante-British War of 1900-1 /
_cA. Adu Boahen ; edited with editor's note by Emmanuel Akyeampong.
260 _aAccra :
_bSub-Saharan Publishers ;
_aOxford [U.K.] :
_bJames Currey,
_c2003.
300 _a182 p. :
_bill., maps ;
_c22 cm.
504 _aIncludes bibliographical references (p. 181-182).
600 0 0 _aYaa Asantewaa,
_d1832?-1921.
_926352
650 0 _aAshanti War, 1900.
_926353
700 1 _aAkyeampong, Emmanuel Kwaku.
_926354
906 _a7
_bcbc
_corigode
_d3
_encip
_f20
_gy-gencatlg
942 _2lcc
_cMONOGRAPH
999 _c125398
_d125398